[Event "BAN-chT Premier"]
[Site "Dhaka"]
[Date "2025.04.30"]
[Round "7.2"]
[White "Tutul, Dhar"]
[Black "Mohammed, Khalid"]
[Result "1-0"]
[WhiteElo "1980"]
[BlackElo "1819"]
[PlyCount "133"]
[EventDate "2025.04.24"]
[EventType "team-tourn"]
[EventRounds "9"]
[EventCountry "BAN"]
[SourceTitle "CB20_2025"]
[SourceDate "2025.05.14"]
[SourceVersion "1"]
[SourceVersionDate "2025.05.14"]
[SourceQuality "1"]
[WhiteTeam "Dipali Memorial CC"]
[BlackTeam "Bangladesh Police"]
[WhiteTeamCountry "BAN"]
[BlackTeamCountry "BAN"]

1. d4 Nf6 2. c4 e6 3. g3 d5 4. Bg2 Nbd7 5. Qc2 c5 6. cxd5 exd5 7. Nf3 b6 8. 0-0 Bd6 9. Nc3 Bb7 10. Rd1 Rc8 11. Qb3 0-0 12. dxc5 Nxc5 13. Qc2 Nce4 14. Qa4 Nxc3 15. bxc3 Qc7 16. Be3 a6 17. Qh4 Ne4 18. Ng5 Nxg5 19. Qxg5 h6 20. Qg4 f5 21. Qh5 Qf7 22. Qxf7+ Rxf7 23. Bxb6 Rc6 24. c4 Rxc4 25. Rab1 Rc2 26. e3 Rxa2 27. Bd8 Ba8 28. Rxd5 Bf8 29. Bb6 Kh7 30. Bd4 Rd2 31. Ra5 Be4 32. Rc1 Bd3 33. Bf1 Bb4 34. Re5 Bxf1 35. Kxf1 a5 36. Rb5 Ra2 37. h4 h5 38. Rc8 Rd2 39. Rbb8 Be7 40. Rh8+ Kg6 41. Rb6+ Bf6 42. Ra6 Rc7 43. Bxf6 gxf6 44. Rf8 Rc1+ 45. Kg2 Ra1 46. Rfxf6+ Kg7 47. Rxf5 a4 48. Rg5+ Kf7 49. Rxh5 a3 50. Rh7+ Kg8 51. Rb7 Rd8 52. h5 Ra2 53. Rb4 Ra1 54. Rb3 Rf8 55. Rbxa3 Rb1 56. R3a4 Kh8 57. Ra8 Rxa8 58. Rxa8+ Kh7 59. g4 Kh6 60. Ra6+ Kg5 61. Rg6+ Kh4 62. Kf3 Rb8 63. h6 Rh8 64. g5 Kh5 65. Rg7 Rf8+ 66. Kg3 Rf4 67. Kxf4 1-0

[Event "BAN-chT Premier"]
[Site "Dhaka"]
[Date "2025.04.24"]
[Round "1.1"]
[White "Mohammed, Khalid"]
[Black "Rabby, Salim"]
[Result "0-1"]
[WhiteElo "1819"]
[BlackElo "1974"]
[PlyCount "202"]
[EventDate "2025.04.24"]
[EventType "team-tourn"]
[EventRounds "9"]
[EventCountry "BAN"]
[SourceTitle "CB20_2025"]
[SourceDate "2025.05.14"]
[SourceVersion "1"]
[SourceVersionDate "2025.05.14"]
[SourceQuality "1"]
[WhiteTeam "Bangladesh Police"]
[BlackTeam "Khelaghor Daba Sangah"]
[WhiteTeamCountry "BAN"]
[BlackTeamCountry "BAN"]

1. e4 Nc6 2. d4 e5 3. Nf3 exd4 4. Nxd4 Bc5 5. Be3 Qf6 6. c3 Nge7 7. Be2 Bb6 8. 0-0 a6 9. Na3 0-0 10. Qd2 d6 11. Nxc6 bxc6 12. Nc4 Bxe3 13. Nxe3 Ng6 14. Rad1 Qe6 15. b3 Qxe4 16. Bf3 Qe8 17. Rfe1 Ne5 18. Be2 Qd8 19. f4 Ng6 20. g3 Qf6 21. Bf3 Bd7 22. c4 Rfe8 23. Qg2 Qc3 24. Rc1 Qd4 25. Qf2 Re7 26. Rcd1 Qc5 27. Nc2 Qa5 28. Nd4 Rae8 29. Rxe7 Nxe7 30. Qd2 Qc5 31. Kg2 Nf5 32. Nxf5 Qxf5 33. Qd3 Qh3+ 34. Kg1 Qe6 35. c5 d5 36. Qxa6 Qe3+ 37. Kg2 Bh3+ 38. Kxh3 Qxf3 39. Rd2 d4 40. Qd3 Qh5+ 41. Kg2 Qd5+ 42. Qf3 Qxc5 43. h4 f5 44. Re2 Re3 45. Rxe3 dxe3 46. Qe2 Qd5+ 47. Kg1 Qd2 48. Qc4+ Kh8 49. Qf7 Qc1+ 50. Kh2 Qd2+ 51. Kg1 Qf2+ 52. Kh1 Qf3+ 53. Kh2 h6 54. Qf8+ Kh7 55. Qxf5+ Kg8 56. Qc8+ Kf7 57. Qxc7+ Ke6 58. Qe5+ Kd7 59. Qxg7+ Kc8 60. Qf8+ Kd7 61. Qg7+ Kc8 62. Qf8+ Kb7 63. Qb4+ Ka6 64. Qa4+ Kb6 65. Qb4+ Kc7 66. Qe7+ Kc8 67. Qf8+ Kd7 68. Qg7+ Ke8 69. Qg8+ Ke7 70. Qg7+ Ke6 71. Qe5+ Kf7 72. Qc7+ Ke8 73. Qc8+ Ke7 74. Qc7+ Ke6 75. Qe5+ Kd7 76. Qg7+ Kc8 77. Qf8+ Kb7 78. Qb4+ Ka7 79. Qa5+ Kb8 80. Qd8+ Kb7 81. Qe7+ Ka6 82. Qa3+ Kb5 83. Qa4+ Kc5 84. Qc4+ Kd6 85. Qd4+ Kc7 86. Qa7+ Kc8 87. Qa6+ Kd7 88. Qa7+ Ke6 89. Qd4 Qf2+ 90. Kh3 Qd2 91. Qe5+ Kd7 92. Qg7+ Kc8 93. Qf8+ Kb7 94. Qe7+ Ka6 95. Qc5 Kb7 96. Qe7+ Kb6 97. b4 e2 98. Qc5+ Kb7 99. Qe7+ Kc8 100. Qe8+ Kc7 101. Qe7+ Qd7+ 0-1